000 02276cam a22004694i 4500
003 PE-LiUPU
005 20250731173425.0
008 150616s1947 ag r 000 0 spa d
035 _a(Sirsi) a516
040 _aPE-LiUPU
_bspa
_cPE-LiUPU
_erda
049 _aPRUA
082 0 4 _a270.1
_bC281947
_221
100 1 _aCastelar, Emilio,
_eautor.
245 1 3 _aLa civilización: en los cinco primeros siglos del cristianismo; lecciones pronunciadas en el Ateneo de Madrid /
_cEmilio Castelar.
264 1 _aBuenos Aires :
_bLibrería y Editorial "El Ateneo",
_c1947.
300 _a769 páginas ;
_c23 centímetros
336 _atext
_2rdacontent
337 _aunmediated
_2rdamedia
338 _avolume
_2rdacarrier
505 0 _aLa civilización romana -- Aparición del cristanismo -- Imperio romano -- El cristianismo y el oriente -- La filosofía griega -- El arte clásico -- El paganismo -- El cristianismo y el imperio -- Introducción -- El imperio desde Galba hasta trajano -- El mundo romano -- El cristianismo en el siglo primero -- El gnosticismo -- Introducción -- Los estóicos, los padres apostólicos, los apologistas -- Decadencia del imperio, progresos del cristianismo -- Filosofía Alejandrina -- El cristianismo en el siglo III -- Los perseguidores y los perseguidos -- El cristianismo en el siglo IV -- Los bárbaros -- Aplicaciones -- Aplicaciones religiosas.
526 _aSEG42
526 _aSEG41
526 _aSEG40
526 _aSEG39
526 _aP94
526 _aP87
526 _aP86
526 _aP85
526 _aP77
526 _aP76
526 _aP35
650 0 4 _aHistoria de la Iglesia
_yLa iglesia primitiva y principios de 30-600.
650 0 4 _aCivilización Cristiana.
651 _aRoma
_xCivilizacion.
910 _ajck
_bjvq
_cjck
942 _2ddc
_cBOOK
949 _a270.1 C28 1947
_wDEWEY
_c1
_i04131
_lCCODEBUL1
_mBUL
_p00.00
_r0
_sY
_tBOOK
_u2015-04-23
_xTEOLOGIA
_zUNKNOWN
_0COMPRA
_o.STAFF. Colección General
994 _aC0
_bPEPRU
596 _a1
999 _a270.1 C28 1947
_wDEWEY
_c54141
_i04131
_d54141
_f2021-11-12
_g5
_lCCODEBUL1
_mBUL
_p30.37
_q2
_r0
_sY
_tBOOK
_u2015-4-23
_xTEOLOGIA
_PP35
_0COMPRA
_o.STAFF. Colección Teología
980 _81
_gALBERTO SANCHEZ Responsable de Automatización